| 000 | 00578nam a2200205Ia 4500 | ||
|---|---|---|---|
| 003 | OSt | ||
| 005 | 20260318160649.0 | ||
| 008 | 210210b1938 xxu||||| |||| 00| 0 eng d | ||
| 040 | _cAL | ||
| 041 | _aHindi | ||
| 082 | _a864/71 | ||
| 100 |
_aSANYAL (Nalini Mohan) _dसान्याल (नलिनी मोहन) _9258894 |
||
| 245 |
_aSoordas mahakavi _bसूरदास महाकवि |
||
| 260 |
_aIllAhAbAd _b- _c1938 |
||
| 650 |
_aSUrdAs _9258895 |
||
| 650 |
_amahAkavi _9258896 |
||
| 690 |
_aHindi Criticism _9258897 |
||
| 906 | _a023608 | ||
| 942 |
_2ddc _cBK |
||
| 999 |
_c148577 _d148577 |
||